Matemática : 2º curso de B.U.P.

Gespeichert in:
Bibliographische Detailangaben
1. Verfasser: Boadas, Juan
Weitere Verfasser: Romero Mercadal, Rafael Villalbí, Ramón
Format: Buch
Sprache:Spanisch
Erschienen: Barcelona : Teide, 1976
Ausgabe:1ª ed.
Katalog:MANES:  Suchergebnis im Bibliothekskatalog
Schulbuchspezifische Eigenschaften:
Tags: Tag hinzufügen
Keine Tags, Fügen Sie den ersten Tag hinzu!
Hinzugefügt zu:24.07.1990
Geändert in:07.05.2025

MARC

LEADER 00000cam a22000001i 4500
005 20250507134359.0
008 900725s1976 esp fp 000 0 spa d
020 |a 8430731776 
040 |a uned  |b spa  |c entro-manes 
100 1 |a Boadas, Juan  |9 37111 
245 1 0 |a Matemática :   |b 2º curso de B.U.P. /   |c Juan Boadas, Rafael Romero, Ramón Villalbí 
250 |a 1ª ed. 
260 |a Barcelona :   |b Teide,   |c 1976 
300 |a 222 p. 
546 |a España 
561 |5 es-BUNED  |3 L.T.M. 2350  |a España. Fondo Manes UNED  |k MANES 
690 0 |a MATE 
691 0 |a SE 
700 1 |a Romero Mercadal, Rafael  |9 37112  |a Villalbí, Ramón  |9 37113 
942 |2 ddc  |c BK 
999 |c 93096  |d 93096 
999 |c manes:93096  |d 93096